Представление документа в формате MARC21

Поле Инд. ПП Название Значение
Тип записи a
Библиографический уровень m
001 Контрольный номер 3bfefeaa0d364f2bbd206d417974f58d
005 Дата корректировки 20260521105319.0
040 a Служба первич. каталог. 10013504
b Код языка каталог. rus
e Правила каталог. PSBO
041 0_ a Код языка текста rus
084 a Индекс другой классификации/Индекс ББК доп.
090 a Полочн. индекс 531.7
x Авторский знак Н 651
r Идентификатор организации 10013504
100 1_ a Автор Никуличева В.В.
245 10 a Заглавие Ошибки акселерометров при колебаниях основания и методы их компенсации
b Продолж. заглавия автореферат диссертации ... кандидата технических наук : специальность 05.13.05 - Элементы и технические средства управления и регулирования
c Ответственность науч. рук. А.М. Лестев; Ленинградский институт авиационного приборостроения
260 a Место издания Ленинград
c Дата издания 1973
300 a Объем 21 с.
653 0_ a Ключевые слова АВТОРЕФЕРАТЫ
700 12 a Другие авторы Лестев А.М.
e Роль лиц Научный руководитель
901 t Тип документа r
952 d Специальность 05.13.05 Элементы и технические средства управления и регулирования
a Тип литературы для КСУ ВШ БАНР
c Вид литературы автореферат